[Event "19th Dubai Open 2017"]
[Site "Dubai UAE"]
[Date "2017.04.05"]
[Round "3.22"]
[White "Padmini, Rout"]
[Black "Salgado Lopez, Ivan"]
[Result "0-1"]
[WhiteTitle "IM"]
[BlackTitle "GM"]
[WhiteElo "2400"]
[BlackElo "2641"]
[WhiteFideId "5029295"]
[BlackFideId "2257327"]
[EventDate "2017.04.03"]

1. e4 d6 2. d4 g6 3. Nc3 Bg7 4. Be3 a6 5. g3 b5 6. Bg2 Bb7 7. a3 Nd7 8. Nge2
Ngf6 9. h3 c5 10. O-O Qc7 11. d5 O-O 12. Qd2 Rfe8 13. Rad1 Rab8 14. g4 Nb6 15.
b3 Rbc8 16. Ng3 e6 17. dxe6 Rxe6 18. Bf4 Rd8 19. g5 Nfd7 20. Nd5 Bxd5 21. exd5
Ree8 22. Ne4 Nc8 23. Rfe1 a5 24. Nc3 b4 25. Nb5 Qb8 26. a4 Ne5 27. Re4 Na7 28.
Nxa7 Qxa7 29. Rde1 c4 30. Be3 Qb8 31. Bd4 cxb3 32. Bxe5 Rxe5 33. cxb3 Rc8 34.
Bf1 Rc3 35. Rxe5 Bxe5 36. Qd1 Qd8 37. h4 Qd7 38. Re4 Qf5 39. Rc4 Rxc4 40. Bxc4
Qh3 41. Qc2 Qxh4 42. Qd3 Qxg5+ 43. Kf1 Qf4 0-1

[Event "19th Dubai Open 2017"]
[Site "Dubai UAE"]
[Date "2017.04.05"]
[Round "3.24"]
[White "Bok, Benjamin"]
[Black "Kanter, Eduard"]
[Result "1-0"]
[WhiteTitle "GM"]
[BlackTitle "IM"]
[WhiteElo "2605"]
[BlackElo "2383"]
[WhiteFideId "1017063"]
[BlackFideId "4103963"]
[EventDate "2017.04.03"]

1. d4 Nf6 2. c4 e6 3. Nf3 d5 4. Nc3 c5 5. cxd5 exd5 6. g3 Nc6 7. Bg2 Be7 8. O-O
O-O 9. b3 Ne4 10. Bb2 Bf6 11. Na4 b6 12. dxc5 Bxb2 13. Nxb2 bxc5 14. Na4 Ba6 15.
Rc1 Re8 16. Re1 c4 17. Nd2 Qf6 18. Nxe4 dxe4 19. bxc4 Rad8 20. Qb3 Nd4 21. Qc3
Qc6 22. Nb2 Qc5 23. Nd1 Nf5 24. e3 Rd3 25. Qc2 Nd6 26. Bxe4 Nxe4 27. Qxd3 Ng5
28. e4 Bb7 29. h4 Nxe4 30. Rc2 f5 31. Rce2 Rf8 32. Nc3 h6 33. Nd5 Kh7 34. Rc2 g5
35. Rxe4 fxe4 36. Qxe4+ Kg7 37. Qe5+ 1-0

[Event "19th Dubai Open 2017"]
[Site "Dubai UAE"]
[Date "2017.04.05"]
[Round "3.25"]
[White "Abasov, Nijat"]
[Black "Saeed, Ishaq"]
[Result "1/2-1/2"]
[WhiteTitle "GM"]
[BlackTitle "FM"]
[WhiteElo "2588"]
[BlackElo "2360"]
[WhiteFideId "13402960"]
[BlackFideId "9301453"]
[EventDate "2017.04.03"]

1. e4 e5 2. Nf3 Nc6 3. Bb5 a6 4. Ba4 Nf6 5. O-O Nxe4 6. Re1 Nc5 7. Bxc6 dxc6 8.
Nxe5 Be6 9. Qh5 g6 10. Qf3 Be7 11. d4 Qxd4 12. Nxc6 Qf6 13. Bf4 Bd6 14. Bxd6
Qxf3 15. gxf3 cxd6 16. Nd4 O-O 17. Nc3 a5 18. Kg2 Rfc8 19. Ncb5 Ra6 20. b3 d5
21. Rad1 Kf8 22. Re3 Bd7 23. Rc3 Ne6 24. Nxe6+ fxe6 25. Rxc8+ Bxc8 26. f4 Ke7
27. Rd3 Bd7 28. Nd4 Ra8 29. a3 Rc8 30. c3 Kf6 31. Nf3 Bb5 32. Re3 h6 33. h4 a4
34. b4 Bd7 35. Kg3 Rc7 36. Ne5 Bc8 37. Rd3 b6 38. Re3 Bd7 39. Kf3 Bc8 40. Kg3
Bd7 41. Kg2 Kf5 42. Kf3 Kf6 43. Ke2 Kf5 44. Kd3 Bb5+ 45. Kd4 Rc8 46. Rg3 Be8 47.
Rg1 Kf6 48. Rg2 Kf5 49. Rg3 Kf6 50. Rg1 Kf5 51. Re1 Rc7 52. Re3 Rc8 53. Kd3 Bb5+
54. Kd2 Be8 55. Rg3 Kf6 56. Ng4+ Kf5 57. Nxh6+ Kxf4 58. Rg5 e5 59. Ng4 d4 60.
cxd4 exd4 61. Ne5 Rc3 62. Nd3+ 1/2-1/2

[Event "19th Dubai Open 2017"]
[Site "Dubai UAE"]
[Date "2017.04.05"]
[Round "3.26"]
[White "Lalith, Babu M R"]
[Black "Rajesh, V A V"]
[Result "1-0"]
[WhiteTitle "GM"]
[BlackTitle "IM"]
[WhiteElo "2571"]
[BlackElo "2324"]
[WhiteFideId "5024595"]
[BlackFideId "5029317"]
[EventDate "2017.04.03"]

1. d4 Nf6 2. c4 g6 3. f3 d5 4. cxd5 Nxd5 5. e4 Nb6 6. Nc3 Bg7 7. Be3 O-O 8. Qd2
Nc6 9. O-O-O f5 10. e5 Nb4 11. Kb1 a5 12. Nh3 c6 13. Bh6 Be6 14. Bxg7 Kxg7 15.
Nf4 Qd7 16. h4 Bg8 17. h5 g5 18. h6+ Kh8 19. Nh3 g4 20. Nf4 a4 21. a3 N4d5 22.
Nfxd5 Bxd5 23. Nxd5 Nxd5 24. fxg4 f4 25. Re1 Qxg4 26. Bd3 Rad8 27. Be4 Rg8 28.
Ka1 Rg5 29. Rhf1 Ne3 30. Rf2 Qh4 31. Qb4 Rgg8 32. Rfe2 Qxh6 33. g3 Nd5 34. Qd2
Rg7 35. Rh2 Qg5 36. Reh1 Kg8 37. Bxh7+ Kf7 38. gxf4 Qg3 39. Be4 e6 40. Rg2 Qe3
41. Rxg7+ Kxg7 42. Qg2+ 1-0

[Event "19th Dubai Open 2017"]
[Site "Dubai UAE"]
[Date "2017.04.05"]
[Round "3.27"]
[White "Sidhant, Mohapatra"]
[Black "Xu, Yinglun"]
[Result "0-1"]
[WhiteElo "2341"]
[BlackElo "2557"]
[WhiteFideId "5028698"]
[BlackFideId "8604940"]
[EventDate "2017.04.03"]

1. e4 c5 2. Nf3 d6 3. d4 cxd4 4. Nxd4 Nf6 5. Nc3 a6 6. Be2 e6 7. O-O Be7 8. Be3
O-O 9. f4 Nc6 10. Kh1 Qc7 11. Qe1 Na5 12. Rd1 b5 13. e5 dxe5 14. fxe5 Qxe5 15.
Bf4 Qc5 16. Bf3 Bb7 17. b4 Qxb4 18. Bxb7 Rad8 19. Bc7 Nxb7 20. Bxd8 Nxd8 21. Rd3
Qc4 22. Nf5 Nc6 23. Nxe7+ Nxe7 24. a3 h6 25. Qd2 Ned5 26. Nxd5 Nxd5 27. Rdf3 Kh7
28. h3 Qc7 29. Qd3+ Kg8 30. Qd2 Nb6 31. Qa5 Qc6 32. Qd2 Nc4 33. Qd4 e5 34. Qc3
Qe6 35. Qe1 e4 36. Rf4 e3 37. Qe2 Nxa3 38. R1f3 Nc4 39. Rg3 Rd8 40. Rfg4 g6 41.
Rxc4 Qxc4 42. Qxe3 Qxc2 43. Qxh6 Rd1+ 44. Kh2 Qc1 45. Re3 Qc7+ 0-1

[Event "19th Dubai Open 2017"]
[Site "Dubai UAE"]
[Date "2017.04.05"]
[Round "3.28"]
[White "Karthikeyan, P."]
[Black "Harikrishnan, A. Ra"]
[Result "1/2-1/2"]
[WhiteTitle "IM"]
[WhiteElo "2507"]
[BlackElo "2305"]
[WhiteFideId "5018226"]
[BlackFideId "5081483"]
[EventDate "2017.04.03"]

1. d4 Nf6 2. c4 e6 3. Nf3 Bb4+ 4. Nbd2 b6 5. a3 Bxd2+ 6. Qxd2 Bb7 7. e3 O-O 8.
Be2 d6 9. O-O Qe7 10. b4 e5 11. dxe5 dxe5 12. Bb2 Nbd7 13. Rfd1 Rfe8 14. Qc3 c5
15. Nd2 Rad8 16. f3 Bc6 17. b5 Bb7 18. Nf1 Nf8 19. Rxd8 Qxd8 20. a4 Qc7 21. a5
Ng6 22. Rd1 Rd8 23. Rxd8+ Qxd8 24. a6 Bc8 25. Qd3 Qxd3 26. Bxd3 Be6 27. Nd2 Nd7
28. Ne4 Ne7 29. g4 f6 30. Nd6 Nf8 31. g5 Nc8 32. Nxc8 Bxc8 33. gxf6 gxf6 34. Ba3
Be6 35. Be2 Nd7 36. Kf2 Kf7 37. Kg3 f5 38. Bb2 Kg6 39. f4 e4 40. Kh4 Kh6 41. Kg3
Kg6 42. Bc3 Kh6 43. Kh4 Bf7 44. Ba1 Be6 45. Bf1 Kg6 46. Bc3 Kh6 47. Kg3 Kg6 48.
Ba1 Kh6 49. Be2 Kg6 50. Bc3 Kh6 51. Bh8 Kg6 52. Bb2 Kh6 53. Kh4 Bf7 54. Bc3 Be6
55. Kh3 Kg6 56. Be1 Nf6 57. Kg3 Nd7 58. Bc3 Kh6 1/2-1/2

[Event "19th Dubai Open 2017"]
[Site "Dubai UAE"]
[Date "2017.04.05"]
[Round "3.29"]
[White "Ashwath, R."]
[Black "Kuybokarov, Temur"]
[Result "1/2-1/2"]
[BlackTitle "IM"]
[WhiteElo "2242"]
[BlackElo "2504"]
[WhiteFideId "5021049"]
[BlackFideId "14203049"]
[EventDate "2017.04.03"]

1. d4 Nf6 2. c4 e5 3. dxe5 Ng4 4. Bf4 g5 5. Bg3 Bg7 6. Nc3 Nxe5 7. e3 h5 8. h3
Nbc6 9. Rc1 h4 10. Bh2 d6 11. Be2 Be6 12. b3 O-O 13. Nf3 f5 14. Nd4 Bd7 15. Nxc6
bxc6 16. Qd2 Qf6 17. f4 gxf4 18. Bxf4 Ng6 19. O-O Nxf4 20. exf4 Qd4+ 21. Qxd4
Bxd4+ 22. Kh1 Rfe8 23. Bf3 a5 24. Ne2 Bc5 25. g3 hxg3 26. Nxg3 a4 27. Bh5 Re3
28. Rf3 axb3 29. axb3 Rb8 30. Rc3 Rxc3 31. Rxc3 Ra8 32. Bg6 Ra1+ 33. Kh2 Ra2+
34. Kh1 Ra1+ 35. Kh2 Ra2+ 36. Kh1 Ra1+ 1/2-1/2

[Event "19th Dubai Open 2017"]
[Site "Dubai UAE"]
[Date "2017.04.05"]
[Round "3.30"]
[White "Abbasov, Vusal"]
[Black "Debashis, Das"]
[Result "0-1"]
[BlackTitle "GM"]
[WhiteElo "2211"]
[BlackElo "2501"]
[WhiteFideId "13401777"]
[BlackFideId "5024854"]
[EventDate "2017.04.03"]

1. e4 c5 2. Nf3 d6 3. d4 cxd4 4. Nxd4 Nf6 5. Nc3 a6 6. Bg5 e6 7. f4 Be7 8. Qf3
Qc7 9. O-O-O O-O 10. Bd3 Nc6 11. Nxc6 bxc6 12. e5 dxe5 13. fxe5 Qxe5 14. h4 Qc7
15. Ne4 Nxe4 16. Bxe4 Bb7 17. Bxe7 Qxe7 18. Bxc6 Bxc6 19. Qxc6 Rfc8 20. Rd7 Qf6
21. Qf3 Qg6 22. c3 Rab8 23. h5 Qg5+ 24. Kd1 Rd8 25. Rxd8+ Rxd8+ 26. Kc2 Rd2+ 27.
Kb1 Qxg2 28. Qxg2 Rxg2 29. Rd1 Kf8 30. Rd6 e5 31. Rxa6 f5 32. h6 f4 33. Ra8+ Kf7
34. Ra7+ Kf6 35. Rxg7 f3 0-1

[Event "19th Dubai Open 2017"]
[Site "Dubai UAE"]
[Date "2017.04.05"]
[Round "3.31"]
[White "Stany, G.A."]
[Black "Pratyusha, Bodda"]
[Result "1-0"]
[WhiteTitle "IM"]
[BlackTitle "WIM"]
[WhiteElo "2495"]
[BlackElo "2281"]
[WhiteFideId "5029104"]
[BlackFideId "5000629"]
[EventDate "2017.04.03"]

1. e4 e5 2. Nf3 Nf6 3. Nxe5 d6 4. Nf3 Nxe4 5. Nc3 Nxc3 6. dxc3 Be7 7. Be3 O-O 8.
Qd2 Nd7 9. O-O-O Ne5 10. c4 Be6 11. Nxe5 dxe5 12. Qc3 Qe8 13. Qxe5 Qa4 14. Kb1
Rfd8 15. Bd3 Qc6 16. Qe4 Qxe4 17. Bxe4 Rxd1+ 18. Rxd1 c6 19. a4 f5 20. Bf3 Kf7
21. b3 Bd8 22. Bxa7 g5 23. Bh5+ Kg7 24. Bd4+ Kh6 25. Re1 Bd7 26. Bf7 f4 27. f3
Bf5 28. Re8 Rc8 29. Rg8 1-0

[Event "19th Dubai Open 2017"]
[Site "Dubai UAE"]
[Date "2017.04.05"]
[Round "3.32"]
[White "Santos Ruiz, Miguel"]
[Black "Aliyev, Ravan"]
[Result "1-0"]
[WhiteTitle "IM"]
[WhiteElo "2480"]
[BlackElo "2256"]
[WhiteFideId "22291482"]
[BlackFideId "13409980"]
[EventDate "2017.04.03"]

1. e4 e6 2. d4 d5 3. Nc3 Nf6 4. Bg5 Be7 5. e5 Nfd7 6. h4 Nc6 7. Nf3 Nb6 8. Qd2
f6 9. Bf4 fxe5 10. Nxe5 Nxe5 11. Bxe5 Bf6 12. Bxf6 Qxf6 13. f4 O-O 14. g3 Bd7
15. O-O-O Rac8 16. Qe3 Qe7 17. Bd3 c5 18. dxc5 Rxc5 19. Qd4 Rfc8 20. Rhe1 Qf6
21. Re5 Be8 22. g4 Nc4 23. g5 Qf7 24. Re2 Nxb2 25. Kxb2 Rxc3 26. Rde1 R3c6 27.
f5 Rb6+ 28. Ka1 exf5 29. Re7 Qf8 30. Bxf5 Rd8 31. Rc7 Rb4 32. Qe5 Bg6 33. Rf1
Kh8 34. Bh3 Qg8 35. Be6 Re8 36. Bxg8 Rxe5 37. Be6 h5 38. Rf8+ Kh7 39. Bg8+ Kh8
40. Bf7+ Kh7 41. Bg8+ Kh8 42. Bxd5+ Kh7 43. Bg8+ Kh8 44. Bb3+ Kh7 45. Rcc8 Re1+
46. Kb2 Be4 47. Kc3 Rb6 48. Kd2 Rxb3 49. axb3 Rh1 50. Rf4 Rh2+ 51. Kc1 Bd5 52.
Rc7 Kg6 53. Kb2 Rg2 54. Rd4 Bc6 55. Rd6+ Kf5 56. Rxg7 Be4 57. Rc7 Rg4 58. Rf6+
Ke5 59. Rc5+ Kd4 60. Rc4+ Ke5 61. Rf8 Rxh4 62. Re8+ Kf5 63. Rcxe4 1-0

[Event "19th Dubai Open 2017"]
[Site "Dubai UAE"]
[Date "2017.04.05"]
[Round "3.34"]
[White "Zhang, Zhong"]
[Black "Sadhwani, Raunak"]
[Result "1-0"]
[WhiteTitle "GM"]
[BlackTitle "FM"]
[WhiteElo "2641"]
[BlackElo "2218"]
[WhiteFideId "8600694"]
[BlackFideId "35093487"]
[EventDate "2017.04.03"]

1. d4 Nf6 2. Nf3 e6 3. Bf4 d5 4. e3 Bd6 5. Bg3 O-O 6. Nbd2 c5 7. c3 Nc6 8. Bd3
Qe7 9. Ne5 Bxe5 10. dxe5 Nd7 11. f4 f6 12. Nf3 fxe5 13. fxe5 g5 14. h4 g4 15.
Ng5 h6 16. Nh7 Rf7 17. Nf6+ Nxf6 18. exf6 Qxf6 19. Qxg4+ Rg7 20. Qf4 Qxf4 21.
Bxf4 Rxg2 22. O-O-O h5 23. Rdg1 Rg4 24. Bg6 e5 25. Bxh5 Rxg1+ 26. Rxg1+ Kh8 27.
Bg5 Kg7 28. Rf1 Be6 29. Rf6 Bg8 30. Rd6 Rf8 31. Bh6+ 1-0

[Event "19th Dubai Open 2017"]
[Site "Dubai UAE"]
[Date "2017.04.05"]
[Round "3.35"]
[White "Kumar, Gaurav"]
[Black "Korobov, Anton"]
[Result "0-1"]
[BlackTitle "GM"]
[WhiteElo "2172"]
[BlackElo "2695"]
[WhiteFideId "5085578"]
[BlackFideId "14105730"]
[EventDate "2017.04.03"]

1. e4 c5 2. Nf3 Nc6 3. d4 cxd4 4. Nxd4 Qb6 5. Nb3 Nf6 6. Nc3 e6 7. Qe2 Bb4 8.
Bd2 O-O 9. a3 Be7 10. Be3 Qc7 11. g3 a6 12. Bg2 d6 13. f4 b5 14. O-O Rb8 15. g4
Re8 16. g5 Nd7 17. h4 b4 18. axb4 Nxb4 19. Nd4 Bf8 20. h5 e5 21. Nf5 exf4 22.
Rxf4 Ne5 23. Raf1 Be6 24. R1f2 Nc4 25. Nd4 Nxe3 26. Nxe6 fxe6 27. Qxe3 d5 28.
Rf7 Bc5 29. Rxc7 Bxe3 30. Nd1 Bb6 31. Rd7 Red8 32. Bh3 Rxd7 33. Bxe6+ Kh8 34.
Bxd7 dxe4 35. Kf1 Bxf2 36. Nxf2 e3 37. Ng4 Nxc2 38. Ke2 Rb3 39. Ba4 Nd4+ 40. Ke1
Rxb2 0-1

[Event "19th Dubai Open 2017"]
[Site "Dubai UAE"]
[Date "2017.04.05"]
[Round "3.36"]
[White "Dutta, Joydeep"]
[Black "Salem, A.R. Saleh"]
[Result "0-1"]
[WhiteTitle "FM"]
[BlackTitle "GM"]
[WhiteElo "2145"]
[BlackElo "2652"]
[WhiteFideId "5016592"]
[BlackFideId "9301348"]
[EventDate "2017.04.03"]

1. d4 Nf6 2. c4 g6 3. Nc3 Bg7 4. e4 O-O 5. f3 c5 6. Nge2 d6 7. Be3 Nc6 8. Qd2
Qa5 9. Rd1 Nd7 10. b3 a6 11. d5 Nce5 12. h3 b5 13. cxb5 axb5 14. f4 b4 15. Nb1
Qxa2 16. Qxa2 Rxa2 17. fxe5 Nxe5 18. Nc1 Rb2 19. Nd2 f5 20. Nd3 Ra2 21. Nxe5
Bxe5 22. Bc4 fxe4 23. Rf1 Bg3+ 24. Ke2 Bf5 25. Bh6 Rfa8 26. Bf4 Bh4 27. g4 Bd7
28. Ke3 g5 29. Bh2 Rc2 30. Rc1 Raa2 31. Rxc2 Rxc2 32. Bg1 Rc3+ 33. Kxe4 Rxh3 34.
Nf3 Rg3 35. Nxh4 Rxg4+ 36. Kf3 Rxh4 37. Ra1 Bf5 38. Ra7 Kf7 39. Bf2 Rf4+ 40. Ke2
h5 41. Be3 Rg4 42. Kf2 h4 43. Be2 Rg3 44. Bh5+ Kf6 45. Ra8 g4 46. Rf8+ Ke5 47.
Rf7 Rf3+ 48. Ke2 Kxd5 49. Rxe7 h3 50. Bf7+ Kc6 51. Be8+ Kb6 52. Bg5 h2 0-1

[Event "19th Dubai Open 2017"]
[Site "Dubai UAE"]
[Date "2017.04.05"]
[Round "3.37"]
[White "Indjic, Aleksandar"]
[Black "Mona, Khaled"]
[Result "1-0"]
[WhiteTitle "GM"]
[BlackTitle "WGM"]
[WhiteElo "2589"]
[BlackElo "2166"]
[WhiteFideId "911925"]
[BlackFideId "10605908"]
[EventDate "2017.04.03"]

1. d4 Nf6 2. Bg5 g6 3. Bxf6 exf6 4. e3 Bg7 5. g3 d5 6. Bg2 c6 7. Ne2 Nd7 8. Nd2
Qe7 9. O-O O-O 10. c4 Nb6 11. Qc2 Bf5 12. Qc3 Qd7 13. a4 Bh3 14. Bxh3 Qxh3 15.
a5 Nxc4 16. Nxc4 dxc4 17. Qxc4 Qd7 18. a6 b6 19. b4 Rfc8 20. Rfc1 h5 21. Nf4 Kh7
22. Qc2 h4 23. Ra3 Bf8 24. Rc3 c5 25. bxc5 bxc5 26. dxc5 Rc6 27. Rd1 Qc8 28.
Rcd3 Rxc5 29. Qa2 Rc7 30. Nd5 Rc6 31. Rd4 hxg3 32. hxg3 Rxa6 33. Qe2 Re6 34. Qf3
Bg7 35. Nc7 1-0

[Event "19th Dubai Open 2017"]
[Site "Dubai UAE"]
[Date "2017.04.05"]
[Round "3.38"]
[White "Pranav, V"]
[Black "Idani, Pouya"]
[Result "0-1"]
[BlackTitle "GM"]
[WhiteElo "2149"]
[BlackElo "2573"]
[WhiteFideId "25060783"]
[BlackFideId "12510130"]
[EventDate "2017.04.03"]

1. e4 c5 2. Nf3 d6 3. Bb5+ Nd7 4. O-O Nf6 5. Re1 a6 6. Bf1 b6 7. c3 Bb7 8. d3 c4
9. d4 Nxe4 10. Bxc4 Ndf6 11. Nbd2 Nxd2 12. Bxd2 e6 13. Bg5 Be7 14. Bxf6 Bxf6 15.
d5 e5 16. Nd4 g6 17. Nc6 Qc7 18. a4 O-O 19. b4 Bg7 20. b5 a5 21. Ba2 Rae8 22. c4
e4 23. Rb1 Kh8 24. Qd2 f5 25. Qf4 Qd7 26. Rb3 Bf6 27. h4 Rg8 28. Qe3 Qc7 29. g3
g5 30. hxg5 Rxg5 31. Qf4 Reg8 32. Bb1 Qg7 33. Qxd6 Rh5 34. Qf4 Rh4 35. Qd2 Qg4
36. f4 exf3 37. Qf2 Bxc6 38. bxc6 Bd4 39. Rbe3 Qh3 40. Qxf3 Rxg3+ 41. Qxg3 Qxg3+
42. Kf1 Rh1+ 43. Ke2 Qxe3+ 44. Kd1 Rxe1+ 45. Kc2 Rc1# 0-1

[Event "19th Dubai Open 2017"]
[Site "Dubai UAE"]
[Date "2017.04.05"]
[Round "3.39"]
[White "Schroeder, Jan-Christian"]
[Black "Yohan, J."]
[Result "1-0"]
[WhiteTitle "GM"]
[WhiteElo "2529"]
[BlackElo "2164"]
[WhiteFideId "24662259"]
[BlackFideId "5058589"]
[EventDate "2017.04.03"]

1. e4 c5 2. Nf3 g6 3. d4 cxd4 4. Nxd4 Nf6 5. Nc3 Nc6 6. Bc4 Bg7 7. Nxc6 bxc6 8.
e5 Ng8 9. Qf3 f5 10. Bf4 Qa5 11. O-O-O Bxe5 12. Bxe5 Qxe5 13. Rhe1 Qc5 14. Qf4
Nf6 15. b4 Qb6 16. Rxe7+ Kd8 17. Rf7 Qxb4 18. Qd4 Re8 19. Qxf6+ Kc7 20. Qd4 a5
21. Nb5+ 1-0

[Event "19th Dubai Open 2017"]
[Site "Dubai UAE"]
[Date "2017.04.06"]
[Round "4.1"]
[White "Antipov, Mikhail Al."]
[Black "Iturrizaga Bonelli, Eduardo"]
[Result "1/2-1/2"]
[WhiteTitle "GM"]
[BlackTitle "GM"]
[WhiteElo "2586"]
[BlackElo "2671"]
[WhiteFideId "4107012"]
[BlackFideId "3901211"]
[EventDate "2017.04.03"]

1. e4 c5 2. Nc3 a6 3. Nf3 b5 4. d4 cxd4 5. Nxd4 Bb7 6. Bd3 d6 7. Bg5 g6 8. Nd5
Bg7 9. c3 h6 10. Bh4 g5 11. Bg3 e6 12. Nb4 Nf6 13. Qe2 Qb6 14. h4 g4 15. e5 dxe5
16. Bxe5 Nbd7 17. Nf5 Nxe5 18. Nxg7+ Kf8 19. Qxe5 Kxg7 20. h5 Bxg2 21. Rg1 Qb7
22. O-O-O Rhd8 23. Rde1 Bf3 24. Be4 Rd1+ 25. Rxd1 Qxe4 26. Rde1 Qxe5 27. Rxe5
Kf8 28. Nc2 Rc8 29. Nd4 Bd5 30. Kd2 Nd7 31. Ree1 Nf6 32. Re5 Nd7 33. Ree1 1/2-1/2

[Event "19th Dubai Open 2017"]
[Site "Dubai UAE"]
[Date "2017.04.06"]
[Round "4.3"]
[White "Santos Latasa, Jaime"]
[Black "Mareco, Sandro"]
[Result "1-0"]
[WhiteTitle "IM"]
[BlackTitle "GM"]
[WhiteElo "2565"]
[BlackElo "2655"]
[WhiteFideId "2293307"]
[BlackFideId "112275"]
[EventDate "2017.04.03"]

1. c4 e5 2. Nc3 Nf6 3. Nf3 Nc6 4. e3 Bb4 5. Qc2 d6 6. d3 O-O 7. Bd2 a5 8. Be2
Bg4 9. h3 Bh5 10. O-O Re8 11. Rac1 h6 12. Rfe1 Bg6 13. a3 Bc5 14. Qb3 Bb6 15.
Na4 Ba7 16. Nh2 Rb8 17. Bc3 Bf5 18. Bd2 Bd7 19. Nc3 Ne7 20. Qc2 c6 21. b4 axb4
22. axb4 b5 23. Ra1 Bb6 24. Nf3 Ng6 25. Ra6 bxc4 26. dxc4 e4 27. Nh2 Re5 28. Kh1
Qc8 29. Rea1 Bc7 30. Bf1 Rf5 31. Be1 Qe8 32. Ne2 d5 33. Ng3 Bxg3 34. fxg3 h5 35.
Be2 Ne5 36. c5 Rg5 37. Rb6 Rc8 38. Nf1 Bf5 39. Bc3 Nfd7 40. Rba6 Nd3 41. Qa4 Qe6
42. Ra8 Rxa8 43. Qxa8+ Kh7 44. Qd8 f6 45. Ra8 Bxh3 46. Qh8+ Kg6 47. Rg8 Kf7 48.
Bxh5+ 1-0

[Event "19th Dubai Open 2017"]
[Site "Dubai UAE"]
[Date "2017.04.06"]
[Round "4.4"]
[White "Fier, Alexandr"]
[Black "Yilmaz, Mustafa"]
[Result "1/2-1/2"]
[WhiteTitle "GM"]
[BlackTitle "GM"]
[WhiteElo "2562"]
[BlackElo "2614"]
[WhiteFideId "2107139"]
[BlackFideId "6302718"]
[EventDate "2017.04.03"]

1. e4 c5 2. Nf3 d6 3. d4 cxd4 4. Nxd4 Nf6 5. Nc3 a6 6. Bg5 e6 7. f4 h6 8. Bh4
Qb6 9. a3 Be7 10. Bf2 Qc7 11. Qf3 Nc6 12. Bd3 Bd7 13. O-O O-O 14. Kh1 b5 15.
Rae1 Rad8 16. Qg3 Nh5 17. Qf3 Nf6 18. Nce2 e5 19. Nxc6 Qxc6 20. Nc3 Bg4 21. Qg3
exf4 22. Qxf4 Be6 23. Bd4 Rde8 24. Qg3 Nh5 25. Qf3 Nf6 26. Ne2 Ng4 27. Qg3 Qd7
28. Nf4 Bf6 29. c3 Be5 30. Rd1 Qe7 31. h3 Nf6 32. Qf3 Bb3 33. Rde1 Qd8 34. Bf2
Nd7 35. Nd5 Nc5 36. Be2 1/2-1/2

[Event "19th Dubai Open 2017"]
[Site "Dubai UAE"]
[Date "2017.04.06"]
[Round "4.5"]
[White "Pichot, Alan"]
[Black "Adly, Ahmed"]
[Result "1/2-1/2"]
[WhiteTitle "GM"]
[BlackTitle "GM"]
[WhiteElo "2556"]
[BlackElo "2597"]
[WhiteFideId "110973"]
[BlackFideId "10601619"]
[EventDate "2017.04.03"]

1. e4 c5 2. Nf3 d6 3. d4 cxd4 4. Nxd4 Nf6 5. Nc3 Nc6 6. Bg5 Bd7 7. Qd2 Rc8 8. f4
Qb6 9. Nb3 Nb4 10. Bxf6 gxf6 11. a3 Nc6 12. Nd5 Qd8 13. O-O-O f5 14. exf5 Bxf5
15. Bd3 Be6 16. Be4 Bg7 17. Qe2 O-O 18. g4 Bxd5 19. Rxd5 e6 20. Rh5 Re8 21.
Bxh7+ Kf8 22. Rb5 Qf6 23. c3 Qxf4+ 24. Kb1 Ne5 25. Rf1 Qh6 26. Bc2 Rc7 27. Rb4
d5 28. Rbf4 Nc4 29. Qf2 Ree7 30. h4 e5 31. g5 Qb6 1/2-1/2

[Event "19th Dubai Open 2017"]
[Site "Dubai UAE"]
[Date "2017.04.06"]
[Round "4.6"]
[White "Xu, Yinglun"]
[Black "Areshchenko, Alexander"]
[Result "0-1"]
[BlackTitle "GM"]
[WhiteElo "2557"]
[BlackElo "2686"]
[WhiteFideId "8604940"]
[BlackFideId "14109530"]
[EventDate "2017.04.03"]

1. Nf3 c5 2. c4 Nc6 3. Nc3 g6 4. e3 Nf6 5. d4 cxd4 6. exd4 d5 7. cxd5 Nxd5 8.
Qb3 e6 9. Bg5 Be7 10. Bh6 Bf8 11. Bxf8 Kxf8 12. Bb5 Na5 13. Qa3+ Kg7 14. O-O b6
15. b4 a6 16. Bd3 Qd6 17. Nxd5 exd5 18. Ne5 Nc6 19. Nxc6 Qxc6 20. Rac1 Qd6 21.
Qb3 Bd7 22. a4 a5 23. bxa5 Rxa5 24. Bb5 Re8 25. Bxd7 Qxd7 26. Qxb6 Rxa4 27. Rc2
Re4 28. Rd2 Qe7 29. h3 Re1 30. Qb2 Rb4 31. Qc2 Rc4 32. Qb2 h5 33. Rd1 Re4 34.
Rd3 h4 35. Qd2 Qc7 36. f3 Rc2 37. fxe4 Rxd2 38. Rxd2 dxe4 39. d5 Qd6 40. Rc1 f5
41. Rc6 e3 42. Rd1 Qb4 43. Rc2 Qb3 44. Rc7+ Kf6 45. Rc6+ Kg5 46. Rcc1 e2 47. Re1
Qe3+ 48. Kh1 Qf2 0-1

[Event "19th Dubai Open 2017"]
[Site "Dubai UAE"]
[Date "2017.04.06"]
[Round "4.7"]
[White "Safarli, Eltaj"]
[Black "Lalith, Babu M R"]
[Result "1-0"]
[WhiteTitle "GM"]
[BlackTitle "GM"]
[WhiteElo "2680"]
[BlackElo "2571"]
[WhiteFideId "13402129"]
[BlackFideId "5024595"]
[EventDate "2017.04.03"]

1. e4 e5 2. Nf3 Nc6 3. Bb5 a6 4. Ba4 Nf6 5. Nc3 b5 6. Bb3 Bc5 7. d3 h6 8. Nd5
Rb8 9. c3 d6 10. O-O O-O 11. h3 Bb7 12. a4 Na5 13. Nxf6+ Qxf6 14. Bc2 b4 15. d4
b3 16. Bb1 Bb6 17. d5 c6 18. dxc6 Bxc6 19. Qe2 Nb7 20. Bd3 Nc5 21. Be3 Nxd3 22.
Qxd3 Bxe3 23. Qxe3 a5 24. Rfe1 Qe7 25. Nd2 f5 26. f3 Bd7 27. exf5 Bxf5 28. f4
Rfe8 29. fxe5 dxe5 30. Nc4 e4 31. Rad1 Rf8 32. Nxa5 Qc7 33. Rd5 Be6 34. Rc5 Qd6
35. Nc4 Qe7 36. Re5 Qf7 37. Nd2 Bd5 38. Rf1 Qb7 39. Rxf8+ Rxf8 40. Qc5 Rd8 41.
Re7 Qb8 42. Nf1 Qf4 43. Qd4 Qf8 44. Rc7 Ba8 45. Rxg7+ 1-0

[Event "19th Dubai Open 2017"]
[Site "Dubai UAE"]
[Date "2017.04.06"]
[Round "4.8"]
[White "Sunilduth Lyna, Narayanan"]
[Black "Anton Guijarro, David"]
[Result "1-0"]
[WhiteTitle "GM"]
[BlackTitle "GM"]
[WhiteElo "2551"]
[BlackElo "2679"]
[WhiteFideId "5058422"]
[BlackFideId "2285525"]
[EventDate "2017.04.03"]

1. d4 Nf6 2. c4 e6 3. Nf3 b6 4. g3 Ba6 5. Qc2 c5 6. d5 exd5 7. cxd5 Bb7 8. Bg2
Nxd5 9. O-O Nc6 10. Rd1 Be7 11. Qa4 Nf6 12. Nh4 g6 13. Bh6 Bf8 14. Bg5 h6 15.
Bxf6 Qxf6 16. Nc3 Be7 17. Nd5 Qd6 18. e3 Nd8 19. Rd2 Kf8 20. Rad1 Bxh4 21. Qxh4
g5 22. Qc4 Qe5 23. Nxb6 axb6 24. Bxb7 Nxb7 25. Rxd7 Nd8 26. Rxd8+ Kg7 27. R8d7
Rhf8 28. R1d6 Qxb2 29. Qe4 1-0